[Event "Verbandsliga Suedbaden 1819"]
[Site "Baden"]
[Date "2018.10.14"]
[Round "1.2"]
[White "Merkel, Markus"]
[Black "Georgiev, Kiril"]
[Result "1/2-1/2"]
[WhiteElo "2161"]
[BlackElo "2595"]
[PlyCount "85"]
[EventDate "2018.10.14"]
[EventType "team-tourn"]
[EventRounds "9"]
[EventCountry "GER"]
[SourceTitle "EXT 2020"]
[Source "ChessBase"]
[SourceDate "2019.10.17"]
[SourceVersion "1"]
[SourceVersionDate "2019.10.17"]
[SourceQuality "1"]
[WhiteTeam "Heitersheim"]
[BlackTeam "Oetigheim"]
[WhiteTeamCountry "GER"]
[BlackTeamCountry "GER"]

1. c4 Nf6 2. Nf3 g6 3. g3 Bg7 4. Bg2 0-0 5. 0-0 d6 6. Nc3 e5 7. d3 Nc6 8. Rb1 a5 9. a3 h6 10. b4 axb4 11. axb4 Be6 12. b5 Ne7 13. Bb2 Qd7 14. Ra1 Bh3 15. Qc2 Bxg2 16. Kxg2 Rfb8 17. Rxa8 Rxa8 18. Ra1 Qc8 19. Rxa8 Qxa8 20. Qa4 Qxa4 21. Nxa4 e4 22. Nd2 exd3 23. exd3 Nd7 24. Kf3 Bxb2 25. Nxb2 f5 26. Ke3 Kf7 27. h4 Ng8 28. Nd1 Ngf6 29. Nc3 Ke6 30. Nb3 Ne5 31. f3 Ke7 32. Nd2 c6 33. bxc6 bxc6 34. d4 Ned7 35. Ne2 Nb6 36. Nf4 Kf7 37. Kd3 Nfd7 38. Ke3 g5 39. hxg5 hxg5 40. Nd3 Ke6 41. Nb4 c5 42. dxc5 Nxc5 43. Nc6 1/2-1/2

[Event "Verbandsliga Suedbaden 1718"]
[Site "Baden"]
[Date "2018.03.11"]
[Round "7.2"]
[White "Merkel, Markus"]
[Black "Herbrechtsmeier, Christof"]
[Result "1-0"]
[WhiteElo "2133"]
[BlackElo "2279"]
[PlyCount "81"]
[EventDate "2017.10.08"]
[EventType "team-tourn"]
[EventRounds "9"]
[EventCountry "GER"]
[SourceTitle "EXT 2019"]
[Source "ChessBase"]
[SourceDate "2018.10.10"]
[SourceVersion "1"]
[SourceVersionDate "2018.10.10"]
[SourceQuality "1"]
[WhiteTeam "Heitersheim"]
[BlackTeam "Emmendingen II"]
[WhiteTeamCountry "GER"]
[BlackTeamCountry "GER"]

1. d4 g6 2. Nf3 Bg7 3. g3 Nf6 4. Bg2 0-0 5. 0-0 d5 6. Nbd2 a5 7. a4 Bf5 8. Nh4 Be6 9. Nb3 Qc8 10. Bd2 b6 11. Qc1 Rd8 12. Bh6 Bh3 13. Bxg7 Kxg7 14. Nf3 Bxg2 15. Kxg2 c5 16. dxc5 bxc5 17. Qe3 Nbd7 18. Rfd1 Qc7 19. Nbd2 e5 20. c4 d4 21. Qd3 Qc6 22. e4 dxe3 23. Qxe3 Re8 24. Kg1 e4 25. Nh4 Ne5 26. Nf1 Rad8 27. Qg5 Qe6 28. Ne3 Nf3+ 29. Nxf3 exf3 30. Qf4 Qe4 31. Qc7 Rc8 32. Qxa5 Qe6 33. Qe1 Rb8 34. a5 Rxb2 35. Qc3 Re2 36. Nd5 Rxf2 37. Nf4 Rg2+ 38. Nxg2 fxg2 39. Re1 Qc6 40. Rxe8 Qxe8 41. a6 1-0

[Event "Heusenstamm Sparkassen op-A 4th"]
[Site "Heusenstamm"]
[Date "2017.11.24"]
[Round "3"]
[White "Poschadel, Andreas Gregor"]
[Black "Merkel, Markus"]
[Result "0-1"]
[WhiteElo "1477"]
[BlackElo "2121"]
[PlyCount "68"]
[EventDate "2017.11.23"]
[EventType "swiss"]
[EventRounds "7"]
[EventCountry "GER"]
[SourceTitle "EXT 2019"]
[Source "ChessBase"]
[SourceDate "2018.10.10"]
[SourceVersion "1"]
[SourceVersionDate "2018.10.10"]
[SourceQuality "1"]

1. e4 c5 2. Nf3 e6 3. Bb5 a6 4. Be2 Nc6 5. 0-0 Nf6 6. Nc3 d6 7. d3 Be7 8. Ne1 d5 9. f4 b5 10. e5 Nd7 11. Nf3 0-0 12. Re1 f6 13. exf6 Bxf6 14. Bf1 b4 15. Ne2 e5 16. fxe5 Ndxe5 17. Nxe5 Bxe5 18. g3 Bg4 19. Qd2 Qf6 20. Nf4 g5 21. Nxd5 Bd4+ 22. Ne3 Ne5 23. Bg2 Bh3 24. Bd5+ Kh8 25. Qe2 Rad8 26. Be4 Bg4 27. Qf1 Qe6 28. Qg2 Bf3 29. Bxf3 Nxf3+ 30. Kf1 Nxe1+ 31. Kxe1 Bxe3 32. Bxe3 Qxe3+ 33. Kd1 Rf2 34. Qxf2 Qxf2 0-1

[Event "Verbandsliga Sued Baden 1213"]
[Site "Baden"]
[Date "2013.03.24"]
[Round "8.1"]
[White "Merkel, Markus"]
[Black "Hommeles, Theo"]
[Result "1/2-1/2"]
[WhiteElo "2105"]
[BlackElo "2418"]
[PlyCount "29"]
[EventDate "2012.10.21"]
[EventType "team-tourn"]
[EventRounds "9"]
[EventCountry "GER"]
[SourceTitle "EXT 2014"]
[Source "ChessBase"]
[SourceDate "2013.11.20"]
[SourceVersion "1"]
[SourceVersionDate "2013.11.20"]
[SourceQuality "1"]
[WhiteTeam "Iffezheim"]
[BlackTeam "Konstanz"]
[WhiteTeamCountry "GER"]
[BlackTeamCountry "GER"]

1. c4 g6 2. Nf3 Bg7 3. g3 c5 4. Bg2 Nc6 5. 0-0 Nh6 6. e4 0-0 7. Nc3 d6 8. d3 Rb8 9. h3 a6 10. Be3 f5 11. Qd2 Nf7 12. exf5 Bxf5 13. d4 cxd4 14. Nxd4 Bd7 15. Rac1 1/2-1/2

[Event "Verbandsliga Sued Baden 1213"]
[Site "Baden"]
[Date "2012.10.21"]
[Round "1.1"]
[White "Sarakauskas, Gediminas"]
[Black "Merkel, Markus"]
[Result "1-0"]
[WhiteElo "2408"]
[BlackElo "2107"]
[PlyCount "81"]
[EventDate "2012.10.21"]
[EventType "team-tourn"]
[EventRounds "9"]
[EventCountry "GER"]
[SourceTitle "EXT 2014"]
[Source "ChessBase"]
[SourceDate "2013.11.20"]
[SourceVersion "1"]
[SourceVersionDate "2013.11.20"]
[SourceQuality "1"]
[WhiteTeam "Offenburg"]
[BlackTeam "Iffezheim"]
[WhiteTeamCountry "GER"]
[BlackTeamCountry "GER"]

1. c4 d6 2. d4 e5 3. Nc3 Nf6 4. Nf3 Nbd7 5. g3 Be7 6. Bg2 0-0 7. 0-0 c6 8. Qc2 Re8 9. e4 a6 10. b3 Qc7 11. Bb2 Qb8 12. h3 b5 13. c5 Bb7 14. cxd6 Bxd6 15. dxe5 Nxe5 16. Nd4 c5 17. Nf5 Bf8 18. f4 Nc6 19. e5 Nd4 20. Nxd4 cxd4 21. Nd1 d3 22. Qxd3 Bc5+ 23. Nf2 Rd8 24. Qe2 Bxg2 25. Kxg2 Qb7+ 26. Qf3 Nd5 27. Rfe1 Bxf2 28. Kxf2 Qb6+ 29. Kg2 Rac8 30. Rac1 h6 31. e6 fxe6 32. Qg4 Qb7 33. Qxe6+ Kh7 34. Qe4+ Kh8 35. Rxc8 Rxc8 36. Re2 Qf7 37. Rd2 Nf6 38. Qf5 Qb7+ 39. Kh2 Ne4 40. Re2 Re8 41. Qg6 1-0

[Event "Verbandsliga Sued Baden 1112"]
[Site "Germany"]
[Date "2012.01.29"]
[Round "5.1"]
[White "Merkel, Markus"]
[Black "Sarakauskas, Gediminas"]
[Result "1-0"]
[WhiteElo "2145"]
[BlackElo "2403"]
[PlyCount "63"]
[EventDate "2011.10.09"]
[EventType "team-tourn"]
[EventRounds "9"]
[EventCountry "GER"]
[SourceTitle "EXT 2013"]
[Source "ChessBase"]
[SourceDate "2012.11.22"]
[SourceVersion "1"]
[SourceVersionDate "2012.11.22"]
[SourceQuality "1"]
[WhiteTeam "Iffezheim"]
[BlackTeam "Offenburg"]
[WhiteTeamCountry "GER"]
[BlackTeamCountry "GER"]

1. Nf3 g6 2. g3 Bg7 3. Bg2 e5 4. d3 d5 5. 0-0 Ne7 6. c4 d4 7. b4 0-0 8. Bb2 a5 9. a3 axb4 10. axb4 Rxa1 11. Bxa1 Na6 12. Qb3 Qd6 13. b5 Nc5 14. Qb4 Bf5 15. Nbd2 Ra8 16. Nb3 Nxd3 17. Qxd6 cxd6 18. exd3 Bxd3 19. Rc1 Bh6 20. Nfd2 Ra2 21. Rd1 b6 22. Be4 Be2 23. Re1 f5 24. Bb1 Bxd2 25. Rxe2 Ra3 26. Rxd2 Rxb3 27. Ba2 Rb4 28. c5+ d5 29. cxb6 Rxb5 30. Rb2 Ra5 31. b7 Nc6 32. Rc2 1-0

[Event "Dortmund Sparkassen op-A"]
[Site "Dortmund"]
[Date "2011.07.31"]
[Round "9"]
[White "Baerwolf, Steven"]
[Black "Merkel, Markus"]
[Result "1/2-1/2"]
[WhiteElo "1818"]
[BlackElo "2197"]
[PlyCount "34"]
[EventDate "2011.07.23"]
[EventType "swiss"]
[EventRounds "9"]
[EventCountry "GER"]
[SourceTitle "CBM 143 Extra"]
[Source "ChessBase"]
[SourceDate "2011.08.29"]
[SourceVersion "1"]
[SourceVersionDate "2011.08.29"]
[SourceQuality "1"]

1. e4 d6 2. d4 Nf6 3. Bd3 e5 4. c3 g6 5. Nf3 Nbd7 6. 0-0 Bg7 7. Bg5 0-0 8. Nbd2 b6 9. Re1 Bb7 10. Nf1 Re8 11. d5 h6 12. Bxf6 Nxf6 13. N1d2 Nh5 14. g3 Rf8 15. Nh4 Bc8 16. Ndf3 Bg4 17. Be2 Nf6 1/2-1/2

[Event "Verbandsliga Sued Baden 0910"]
[Site "Germany"]
[Date "2010.01.31"]
[Round "6.1"]
[White "Metz, Hartmut"]
[Black "Merkel, Markus"]
[Result "0-1"]
[WhiteElo "2291"]
[BlackElo "2190"]
[PlyCount "81"]
[EventDate "2009.10.11"]
[EventType "team-tourn"]
[EventRounds "9"]
[EventCountry "GER"]
[SourceTitle "EXT 2011"]
[Source "ChessBase"]
[SourceDate "2010.11.26"]
[SourceVersion "1"]
[SourceVersionDate "2010.11.26"]
[SourceQuality "1"]
[WhiteTeam "Kuppenheim"]
[BlackTeam "Iffezheim"]
[WhiteTeamCountry "GER"]
[BlackTeamCountry "GER"]

1. e4 d6 2. d4 g6 3. Nc3 Bg7 4. h3 Nd7 5. Nf3 a6 6. a4 e6 7. Bg5 Ne7 8. Qd2 h6 9. Be3 b6 10. Bc4 Bb7 11. 0-0 Nf6 12. d5 e5 13. Ne1 g5 14. f3 Nh5 15. Rf2 f5 16. exf5 Nxf5 17. Bd3 Nhg3 18. Ne2 0-0 19. Nxg3 Nxg3 20. c4 a5 21. Kh2 Nh5 22. Bf1 e4 23. fxe4 Qe7 24. Rxf8+ Rxf8 25. Nf3 g4 26. hxg4 Nf6 27. Bd4 Qxe4 28. Kg1 Qxg4 29. Re1 Ne4 30. Qc2 Ng5 31. Nh2 Qxd4+ 32. Kh1 Qf6 33. Bd3 Bc8 34. Qe2 Bf5 35. Bxf5 Qxf5 36. Qe7 Qf7 37. Ng4 Qxe7 38. Rxe7 Rf7 39. Re8+ Kh7 40. b3 h5 41. Ne3 0-1